| 000 -CABECERA |
| fixed length control field |
00994nam a22002057a 4500 |
| 003 - IDENTIFICADOR DEL NÚMERO DE CONTROL |
| control field |
AR-CdUCM |
| 008 - DATOS DE LONGITUD FIJA--INFORMACIÓN GENERAL |
| fixed length control field |
190325b ||||| |||| 00| 0 spa d |
| 040 ## - FUENTE DE LA CATALOGACIÓN |
| Agencia/entidad que catalogó originalmente la obra |
MUNICIPALIDAD PROVINCIAL DEL CUSCO |
| Entidad que transcribió la catalogación |
BIBLIOTECA MUNICIPAL DEL CUSCO |
| 082 ## - NÚMERO DE LA CLASIFICACIÓN DECIMAL DEWEY |
| No. de Clasificación |
628 / |
| Notacion interna |
R35 |
| 110 ## - ENTRADA PRINCIPAL--NOMBRE DE ENTIDAD CORPORATIVA |
| Nombre de la institución, jurisdicción como entrada principal |
Gobienro Regional Cusco (Gestion 2010) |
| 9 (RLIN) |
24298 |
| 245 ## - MENCIÓN DE TÍTULO |
| Título |
Guia de campo del area prioritaria de conservacion regional Corredor Biológico Marcapata - Camanti / |
| 260 ## - PUBLICACIÓN, DISTRIBUCIÓN, ETC. |
| Lugar de publicación, distribución, etc. |
Cusco : |
| Nombre de la editorial, distribuidor, etc. |
Gobierno Regional Cusco , |
| Fecha de publicación, distribución, etc. |
2010. |
| 300 ## - DESCRIPCIÓN FÍSICA |
| Nº de Páginas Extensión |
399 páginas ; |
| Dimensiones |
14.7 cm. |
| 505 ## - NOTA DE CONTENIDO CON FORMATO |
| Nota de contenido formateada |
Contenido : Accesibilidad -- Extension -- Caracteristicas Fisicas -- Hidrografia -- Geologia -- Fisiografia -- Clima -- Ecosistema y Zonas de vida natural -- Vegetacion y Biodiversidad -- Mamiferos -- Aves -- Peces -- Insectos -- Aspectos Socioculturales del Area -- Historico -- Etnologia -- El idioma... |
| 650 ## - PUNTO DE ACCESO ADICIONAL DE MATERIA--TÉRMINO DE MATERIA |
| Descriptor |
Ecologia |
| 9 (RLIN) |
4960 |
| 650 ## - PUNTO DE ACCESO ADICIONAL DE MATERIA--TÉRMINO DE MATERIA |
| Descriptor |
Biodiversidad |
| 9 (RLIN) |
19327 |
| 650 ## - PUNTO DE ACCESO ADICIONAL DE MATERIA--TÉRMINO DE MATERIA |
| Descriptor |
Biologia Peruana |
| 9 (RLIN) |
24299 |
| 942 ## - ELEMENTOS DE PUNTO DE ACCESO ADICIONAL (KOHA) |
| Fuente de clasificación |
|
| Tipo de item |
Libros-BMC |
| 945 ## - PROCESAMIENTO DE INFORMACIÓN LOCAL (OCLC) |
| Catalogador |
rtm |